[Event "POL-chT U26 rapid"]
[Site "Hucisko"]
[Date "2016.01.16"]
[Round "1.10"]
[White "Piesik, Piotr"]
[Black "Kopel, Wojciech"]
[Result "1-0"]
[WhiteElo "2292"]
[BlackElo "1486"]
[PlyCount "87"]
[EventDate "2016.01.16"]
[EventType "team-swiss (rapid)"]
[EventRounds "9"]
[EventCountry "POL"]
[SourceTitle "CBM 170 Extra"]
[Source "ChessBase"]
[SourceDate "2016.02.25"]
[SourceVersion "1"]
[SourceVersionDate "2016.02.25"]
[SourceQuality "1"]
[WhiteTeam "Katowice UE"]
[BlackTeam "Katowice US"]
[WhiteTeamCountry "POL"]
[BlackTeamCountry "POL"]

1. Nf3 e6 2. g3 d5 3. Bg2 c5 4. 0-0 Nc6 5. d3 Nge7 6. Nbd2 Ng6 7. e4 Be7 8. Qe2 0-0 9. h4 Nce5 10. Nxe5 Nxe5 11. exd5 Bf6 12. d6 Rb8 13. Ne4 b6 14. Nxf6+ Qxf6 15. Bg5 Qg6 16. Qxe5 f6 17. Qe3 fxg5 18. hxg5 Bd7 19. Rae1 Rbe8 20. Be4 Qf7 21. g6 hxg6 22. Qg5 Qf6 23. Qxg6 Qxg6 24. Bxg6 Rd8 25. Re5 Be8 26. Rxe6 Bxg6 27. Rxg6 Rd7 28. Re1 Kf7 29. Rge6 Rfd8 30. Re7+ Rxe7 31. Rxe7+ Kf8 32. Rxa7 Rxd6 33. a4 Re6 34. a5 bxa5 35. Rxa5 c4 36. dxc4 Re2 37. Rc5 Rxc2 38. b4 Ke8 39. Rc6 Kd7 40. b5 Rb2 41. Kg2 Rc2 42. Kf3 Rc3+ 43. Kf4 Rc2 44. f3 1-0

[Event "POL Region-ch U17"]
[Site "Szczyrk"]
[Date "2012.10.21"]
[Round "4.9"]
[White "Stemplewski, Kamil"]
[Black "Kopel, Wojciech"]
[Result "1/2-1/2"]
[WhiteElo "1551"]
[BlackElo "1521"]
[PlyCount "43"]
[EventDate "2012.10.14"]
[EventType "swiss"]
[EventRounds "9"]
[EventCountry "POL"]
[SourceTitle "EXT 2023"]
[Source "ChessBase"]
[SourceDate "2022.10.05"]
[SourceVersion "1"]
[SourceVersionDate "2022.10.05"]
[SourceQuality "1"]

1. e4 e6 2. d4 d5 3. Nc3 Nf6 4. Bg5 Be7 5. e5 Nfd7 6. Bxe7 Qxe7 7. f4 a6 8. Nf3 c5 9. dxc5 Nxc5 10. Bd3 Nc6 11. Qd2 Bd7 12. 0-0-0 b5 13. g4 b4 14. Ne2 Rb8 15. h4 b3 16. axb3 Rxb3 17. Nc3 Rb7 18. Be2 Nb4 19. Nd4 Na4 20. Nxa4 Bxa4 21. b3 Qc7 22. Kb2 1/2-1/2

[Event "Karvina op"]
[Site "Karvina"]
[Date "2011.07.03"]
[Round "2"]
[White "Horyna, Josef"]
[Black "Kopel, Wojciech"]
[Result "1-0"]
[WhiteElo "1853"]
[BlackElo "1530"]
[PlyCount "86"]
[EventDate "2011.07.02"]
[EventType "swiss"]
[EventRounds "9"]
[EventCountry "CZE"]
[SourceTitle "CBM 143 Extra"]
[Source "ChessBase"]
[SourceDate "2011.08.29"]
[SourceVersion "1"]
[SourceVersionDate "2011.08.29"]
[SourceQuality "1"]

1. d4 e6 2. e4 d5 3. e5 c5 4. c3 Nc6 5. Nf3 Bd7 6. a3 Qc7 7. Be3 c4 8. g3 Nge7 9. Bg2 Nf5 10. 0-0 Nxe3 11. fxe3 Qb6 12. Qc2 Be7 13. Nbd2 Na5 14. Rab1 Rc8 15. Qd1 0-0 16. Qe2 Ba4 17. Rfc1 Nb3 18. Nxb3 Bxb3 19. h4 a5 20. Nh2 Rfd8 21. Rf1 Qb5 22. e4 dxe4 23. Bxe4 g6 24. Ng4 Rf8 25. Nf6+ Kg7 26. Rf2 Rc7 27. Rbf1 Bxf6 28. Rxf6 Re7 29. R1f2 Qa4 30. Rf1 b6 31. h5 Rc8 32. Kg2 Rcc7 33. Rh1 Kg8 34. Qd2 Qe8 35. Qg5 Kh8 36. hxg6 fxg6 37. Rxg6 Rg7 38. Rxg7 Rxg7 39. Qf6 Kg8 40. Rh6 Re7 41. d5 Bd1 42. d6 Rf7 43. Qxe6 Qf8 1-0

[Event "Karvina op"]
[Site "Karvina"]
[Date "2011.07.02"]
[Round "1"]
[White "Kopel, Wojciech"]
[Black "Zimniok, Lubomir"]
[Result "0-1"]
[WhiteElo "1530"]
[BlackElo "2109"]
[PlyCount "124"]
[EventDate "2011.07.02"]
[EventType "swiss"]
[EventRounds "9"]
[EventCountry "CZE"]
[SourceTitle "CBM 143 Extra"]
[Source "ChessBase"]
[SourceDate "2011.08.29"]
[SourceVersion "1"]
[SourceVersionDate "2011.08.29"]
[SourceQuality "1"]

1. d4 Nf6 2. Nf3 d6 3. Bf4 g6 4. e3 Bg7 5. Bd3 0-0 6. Nbd2 c6 7. c3 Bg4 8. h3 Bxf3 9. Nxf3 Nbd7 10. Qc2 Qc7 11. e4 e5 12. Bh2 Nh5 13. dxe5 dxe5 14. 0-0 Nf4 15. Bxf4 exf4 16. Nd4 Ne5 17. Rfe1 Nxd3 18. Qxd3 Rad8 19. Qc4 Bxd4 20. cxd4 f3 21. Re3 fxg2 22. Kxg2 Qb6 23. Rb3 Qc7 24. Re1 Qe7 25. Qc5 Qxc5 26. dxc5 Rd7 27. Rbe3 Re8 28. a3 Kf8 29. b4 a6 30. Rf3 Rd4 31. Rfe3 Ke7 32. Kg3 Red8 33. Rf3 Rc4 34. Rb3 Rdd4 35. f3 Rd2 36. Rg1 Ke6 37. Rg2 Rxg2+ 38. Kxg2 Ke5 39. Re3 Rd4 40. Rb3 Rd2+ 41. Kg3 Kd4 42. a4 Ra2 43. b5 axb5 44. axb5 Kxc5 45. bxc6 Kxc6 46. Rc3+ Kd7 47. Rd3+ Kc7 48. Rc3+ Kb8 49. Rd3 Rc2 50. Rd8+ Rc8 51. Rd7 Rc7 52. Rd8+ Ka7 53. Rd5 Ka6 54. Kf4 b5 55. Rd6+ Ka5 56. Rd1 b4 57. Ra1+ Kb5 58. Rb1 Ka4 59. Ra1+ Kb3 60. Rb1+ Ka3 61. Ra1+ Kb2 62. Ra4 b3 0-1